Rocks and minerals of Ceylon, (Record no. 88237)
[ view plain ]
| 000 -LEADER | |
|---|---|
| fixed length control field | 00710cam a2200241 4500 |
| 001 - CONTROL NUMBER | |
| control field | sa 68018206 |
| 003 - CONTROL NUMBER IDENTIFIER | |
| control field | DLC |
| 005 - DATE AND TIME OF LATEST TRANSACTION | |
| control field | 20260227112709.0 |
| 008 - FIXED-LENGTH DATA ELEMENTS--GENERAL INFORMATION | |
| fixed length control field | 711013s1967 ce ab 00010 eng |
| 010 ## - LIBRARY OF CONGRESS CONTROL NUMBER | |
| LC control number | sa 68018206 //r90 |
| 025 ## - OVERSEAS ACQUISITION NUMBER | |
| Overseas acquisition number | PL480:C-313 |
| 040 ## - CATALOGING SOURCE | |
| Original cataloging agency | DLC |
| Transcribing agency | DLC |
| Modifying agency | DLC |
| -- | ICU |
| 043 ## - GEOGRAPHIC AREA CODE | |
| Geographic area code | a-ce--- |
| 050 00 - LIBRARY OF CONGRESS CALL NUMBER | |
| Classification number | QE452.C4 |
| Item number | G85 |
| 100 10 - MAIN ENTRY--PERSONAL NAME | |
| Personal name | Gunaratne, H. S., |
| Dates associated with a name | 1932- |
| 245 10 - TITLE STATEMENT | |
| Title | Rocks and minerals of Ceylon, |
| Statement of responsibility, etc. | by H. S. Gunaratne. |
| 260 0# - PUBLICATION, DISTRIBUTION, ETC. | |
| Place of publication, distribution, etc. | [Colombo] |
| Name of publisher, distributor, etc. | Dept. of National Museums, Ceylon, |
| Date of publication, distribution, etc. | 1967. |
| 300 ## - PHYSICAL DESCRIPTION | |
| Extent | 58 p. |
| Other physical details | illus., maps. |
| Dimensions | 22 cm. |
| 350 ## - PRICE (NR) (BK AM CF MU VM SE) [OBSOLETE] | |
| Price | 6.10 |
| 440 #0 - SERIES STATEMENT/ADDED ENTRY--TITLE | |
| Title | Ceylon National Museums handbook series ; |
| Volume/sequential designation | 1 |
| 650 #0 - SUBJECT ADDED ENTRY--TOPICAL TERM | |
| Topical term or geographic name entry element | Petrology |
| Geographic subdivision | Sri Lanka. |
| 650 #0 - SUBJECT ADDED ENTRY--TOPICAL TERM | |
| Topical term or geographic name entry element | Mineralogy |
| Geographic subdivision | Sri Lanka. |
No items available.